Normal view
MARC view
- Littell, McDougal
Entry Personal Name
001 - CONTROL NUMBER
- control field: 132171
003 - CONTROL NUMBER IDENTIFIER
- control field: NUST
005 - DATE AND TIME OF LATEST TRANSACTION
- control field: 20251202110919.0
008 - FIXED-LENGTH DATA ELEMENTS
- fixed length control field: 251202|| aca||aabn | a|a d
040 ## - CATALOGING SOURCE
- Original cataloging agency: NUST
- Transcribing agency: NUST
100 ## - HEADING--PERSONAL NAME
- Personal name: Littell, McDougal
670 ## - SOURCE DATA FOUND
- Source citation: Work cat.: (NUST): Littell, McDougal., Creating America : a history of the United States /, 2001.
